| 000 | 00504nam a22001937a 4500 | ||
|---|---|---|---|
| 003 | OSt | ||
| 005 | 20240424162140.0 | ||
| 008 | 240424b |||||||| |||| 00| 0 eng d | ||
| 020 | _a9780321687777 | ||
| 040 | _cDDC | ||
| 082 | _a515 BRI 2011 | ||
| 100 |
_aBriggs, William L.; Cochran, Lyle _916972 |
||
| 245 | _aCalculus | ||
| 260 |
_aBoston; _bPearson, _c2011 |
||
| 300 | _axviii,1070p; Col.ill: 27.5cm | ||
| 504 | _aAppendices, & answers included | ||
| 650 |
_aCalculus _9764 |
||
| 942 |
_2ddc _cO_SHELF |
||
| 999 |
_c8309 _d8309 |
||